[Event "Wch Seniors 65 29th"]
[Site "Bucharest"]
[Date "2019.11.13"]
[Round "2"]
[White "Sorensen, Bent"]
[Black "Ionita, Gheorghe"]
[Result "1-0"]
[WhiteElo "2043"]
[BlackElo "1360"]
[PlyCount "37"]
[EventDate "2019.11.12"]
[EventType "swiss"]
[EventRounds "11"]
[EventCountry "ROU"]
[SourceTitle "CBM 193 Extra"]
[Source "ChessBase"]
[SourceDate "2020.01.31"]
[SourceVersion "1"]
[SourceVersionDate "2020.01.31"]
[SourceQuality "1"]

1. Nf3 Nf6 2. g3 b6 3. Bg2 Bb7 4. 0-0 e6 5. c4 d5 6. cxd5 Nxd5 7. Re1 Nf6 8. Nc3 Nbd7 9. e4 Nc5 10. d4 Ncxe4 11. Nxe4 Nxe4 12. Qa4+ Qd7 13. Qxd7+ Kxd7 14. Ne5+ Ke7 15. Bxe4 Bxe4 16. Rxe4 h6 17. Bd2 Rc8 18. Rc1 a5 19. Rf4 1-0

[Event "Wch Seniors 65 28th"]
[Site "Bled"]
[Date "2018.11.29"]
[Round "11"]
[White "Kerr, Grant"]
[Black "Sorensen, Bent"]
[Result "1/2-1/2"]
[WhiteElo "1850"]
[BlackElo "2103"]
[PlyCount "51"]
[EventDate "2018.11.18"]
[EventType "swiss"]
[EventRounds "11"]
[EventCountry "SLO"]
[SourceTitle "EXT 2020"]
[Source "ChessBase"]
[SourceDate "2019.10.17"]
[SourceVersion "1"]
[SourceVersionDate "2019.10.17"]
[SourceQuality "1"]

1. b3 e5 2. Bb2 Nc6 3. e3 d5 4. Bb5 Bd6 5. f4 Qe7 6. Nf3 Bg4 7. Bxc6+ bxc6 8. fxe5 Bxe5 9. Bxe5 Bxf3 10. Qxf3 Qxe5 11. Nc3 Nf6 12. 0-0 0-0 13. Qf5 Qd6 14. Rf4 Rae8 15. Raf1 Re5 16. Qh3 Rfe8 17. Qf3 c5 18. Nb5 Qb6 19. c4 d4 20. exd4 cxd4 21. Nxd4 Re4 22. Qd3 Qc5 23. b4 Qe5 24. Rxe4 Nxe4 25. Nf3 Qe7 26. c5 1/2-1/2

[Event "Wch Seniors 65 28th"]
[Site "Bled"]
[Date "2018.11.18"]
[Round "1"]
[White "Freeke, Kees"]
[Black "Sorensen, Bent"]
[Result "0-1"]
[WhiteElo "1750"]
[BlackElo "2103"]
[PlyCount "54"]
[EventDate "2018.11.18"]
[EventType "swiss"]
[EventRounds "11"]
[EventCountry "SLO"]
[SourceTitle "CBM 187 Extra"]
[Source "ChessBase"]
[SourceDate "2018.11.04"]
[SourceVersion "1"]
[SourceVersionDate "2018.11.04"]
[SourceQuality "1"]

1. e4 e6 2. d4 d5 3. Nd2 Be7 4. exd5 exd5 5. Ngf3 Nc6 6. Be2 Nf6 7. 0-0 Bg4 8. h3 Be6 9. b3 Ne4 10. Bb2 Qd7 11. Bb5 f6 12. Re1 Bb4 13. Nxe4 dxe4 14. Rxe4 0-0-0 15. c3 Ba5 16. Bf1 g5 17. a4 Bb6 18. Bc4 Bxc4 19. bxc4 Na5 20. Nd2 f5 21. Re5 Nc6 22. Rd5 Qf7 23. Rxd8+ Rxd8 24. Qf1 a6 25. Nf3 Kb8 26. Re1 g4 27. hxg4 fxg4 0-1

[Event "Aalborg Larsen Memorial"]
[Site "Aalborg"]
[Date "2018.10.15"]
[Round "3"]
[White "Vang, Frank Lennart"]
[Black "Sorensen, Bent"]
[Result "1-0"]
[WhiteElo "1969"]
[BlackElo "2142"]
[PlyCount "97"]
[EventDate "2018.10.13"]
[EventType "swiss"]
[EventRounds "7"]
[EventCountry "DEN"]
[SourceTitle "CBM 186 Extra"]
[Source "ChessBase"]
[SourceDate "2018.08.24"]
[SourceVersion "1"]
[SourceVersionDate "2018.08.24"]
[SourceQuality "1"]

1. d4 d5 2. Bf4 e6 3. e3 Bd6 4. Nf3 Bxf4 5. exf4 Nh6 6. Bd3 f6 7. c3 Qd6 8. g3 Nd7 9. Qc2 f5 10. 0-0 0-0 11. Nbd2 c5 12. Rfe1 Nf7 13. Re3 cxd4 14. cxd4 Nb6 15. Nb3 Bd7 16. Nc5 Rac8 17. b3 Nd8 18. Rc1 Na8 19. Qd2 Be8 20. Kg2 Nc7 21. a4 b6 22. Na6 Nc6 23. Nxc7 Rxc7 24. Bb5 Na5 25. Rxc7 Qxc7 26. Rxe6 Bxb5 27. axb5 Nxb3 28. Qe3 Qc4 29. Re7 Qxb5 30. Qe5 Rf6 31. Ng5 Nxd4 32. Qxd4 Qc6 33. h4 h6 34. Nf3 a5 35. h5 Qd6 36. Re5 Rf8 37. Rxd5 Qc6 38. Kh2 Qe8 39. Qxb6 Qxh5+ 40. Kg2 Qf7 41. Rxa5 Re8 42. Ne5 Qh5 43. Ra7 Kh7 44. Qf6 Rg8 45. Rf7 Kh8 46. Qe6 Rb8 47. Rb7 Rg8 48. Rb1 Kh7 49. Rh1 1-0

[Event "EU-chT Seniors 65"]
[Site "Walbrzych"]
[Date "2018.04.16"]
[Round "3.1"]
[White "Westerinen, Heikki MJ"]
[Black "Sorensen, Bent"]
[Result "0-1"]
[WhiteElo "2308"]
[BlackElo "2158"]
[PlyCount "87"]
[EventDate "2018.04.14"]
[EventType "team-swiss"]
[EventRounds "9"]
[EventCountry "POL"]
[SourceTitle "CBM 184 Extra"]
[Source "ChessBase"]
[SourceDate "2018.06.28"]
[SourceVersion "1"]
[SourceVersionDate "2018.06.28"]
[SourceQuality "1"]
[WhiteTeam "Finland 65"]
[BlackTeam "Denmark Norresundby 65"]
[WhiteTeamCountry "FIN"]
[BlackTeamCountry "DEN"]

1. e4 e6 2. d4 d5 3. Nd2 Be7 4. Bd3 c5 5. Ngf3 Nf6 6. exd5 Nxd5 7. 0-0 Nd7 8. Nb3 Qc7 9. Nxc5 Nxc5 10. dxc5 Qxc5 11. a3 0-0 12. c4 Nf6 13. b4 Qc7 14. Bb2 b6 15. Be5 Qd7 16. Qc2 Bb7 17. Rad1 Qc8 18. Bxf6 Bxf6 19. Bxh7+ Kh8 20. Be4 a5 21. Nd4 Bxe4 22. Qxe4 Qxc4 23. Rd3 Rfd8 24. Rfd1 axb4 25. Rh3+ Kg8 26. Qh7+ Kf8 27. Qh8+ Ke7 28. Nf5+ exf5 29. Re3+ Qe6 30. Rxe6+ fxe6 31. Qh5 Rxd1+ 32. Qxd1 bxa3 33. Qf3 Ra5 34. Qb7+ Kf8 35. Qc8+ Kf7 36. Qc7+ Kg8 37. Qc6 Kf7 38. Qc7+ Kg6 39. Qg3+ Kh7 40. Qh3+ Kg8 41. Qh5 Kf8 42. Qh8+ Kf7 43. Qh3 g6 44. Qf3 0-1

[Event "EU-chT Seniors 65"]
[Site "Novi Sad"]
[Date "2017.07.03"]
[Round "9.3"]
[White "Svitlica, Nenad"]
[Black "Sorensen, Bent"]
[Result "0-1"]
[WhiteElo "1802"]
[BlackElo "2255"]
[PlyCount "76"]
[EventDate "2017.06.25"]
[EventType "team-tourn"]
[EventRounds "9"]
[EventCountry "SRB"]
[SourceTitle "EXT 2018"]
[Source "ChessBase"]
[SourceDate "2017.10.13"]
[SourceVersion "1"]
[SourceVersionDate "2017.10.13"]
[SourceQuality "1"]
[WhiteTeam "Serbia Gerontologic Centar 65"]
[BlackTeam "Denmark 65"]
[WhiteTeamCountry "SRB"]
[BlackTeamCountry "DEN"]

1. d4 d5 2. c4 e6 3. Nc3 c6 4. e3 Nf6 5. Bd3 Nbd7 6. f4 dxc4 7. Bxc4 b5 8. Bd3 Bb7 9. Nf3 a6 10. 0-0 c5 11. Ne5 Qb6 12. Nxd7 Nxd7 13. Be4 Nf6 14. Bxb7 Qxb7 15. Qf3 Qxf3 16. Rxf3 Rd8 17. dxc5 Bxc5 18. h3 0-0 19. a3 Rd3 20. Kf1 Rfd8 21. Ke2 Bb6 22. e4 Rxf3 23. gxf3 Nh5 24. Be3 Bc7 25. e5 f6 26. exf6 gxf6 27. Rg1+ Kf7 28. Rg4 f5 29. Rh4 Kg6 30. Kf2 Rd7 31. Ne2 Bd8 32. Nd4 Bf6 33. Nxe6 Bxb2 34. Bc5 Rd2+ 35. Kf1 Rd3 36. Ke2 Rb3 37. Bd4 Bxa3 38. Nc7 Bb2 0-1

[Event "Aalborg Larsen Memorial"]
[Site "Aalborg"]
[Date "2016.10.16"]
[Round "2"]
[White "Pedersen, Borge"]
[Black "Sorensen, Bent"]
[Result "1/2-1/2"]
[WhiteElo "2051"]
[BlackElo "2225"]
[PlyCount "124"]
[EventDate "2016.10.15"]
[EventType "swiss"]
[EventRounds "7"]
[EventCountry "DEN"]
[SourceTitle "CBM 175 Extra"]
[Source "ChessBase"]
[SourceDate "2016.12.12"]
[SourceVersion "1"]
[SourceVersionDate "2016.12.12"]
[SourceQuality "1"]

1. d4 d5 2. Bf4 e6 3. e3 Bd6 4. Bg3 Nc6 5. Nf3 Qe7 6. a3 Bxg3 7. hxg3 Nf6 8. c4 0-0 9. Nc3 Rd8 10. Qc2 h6 11. Bd3 dxc4 12. Bxc4 e5 13. d5 Na5 14. Ba2 b6 15. 0-0-0 Ba6 16. Rh4 Nb7 17. g4 Nc5 18. e4 Nh7 19. Rh5 Nd7 20. g5 hxg5 21. Nxg5 Ndf6 22. d6 Rxd6 23. Bxf7+ Kf8 24. Nxh7+ Kxf7 25. Qb3+ Kg6 26. Rg5+ Kxh7 27. Rh1+ Nh5 28. Rhxh5+ Rh6 29. Rxe5 Qf6 30. Ref5 Qg6 31. Qd5 c6 32. Qe5 Re8 33. Qh2 Bc4 34. Rxh6+ Qxh6+ 35. Qxh6+ Kxh6 36. Kc2 Kg6 37. Rf3 Rh8 38. b3 Be6 39. Ne2 Bc8 40. Kc3 Re8 41. Re3 Kf6 42. f4 c5 43. Ng3 g5 44. e5+ Kg6 45. fxg5 Kxg5 46. Ne4+ Kf4 47. Nd6 Kxe3 48. Nxe8 Kf4 49. Nd6 Be6 50. Nb5 Kxe5 51. Nxa7 Bd7 52. a4 Kf4 53. Nb5 Kg3 54. Nd6 Kxg2 55. Nc4 b5 56. a5 bxc4 57. Kxc4 Be6+ 58. Kc3 Bd5 59. a6 Kf3 60. a7 Ke4 61. a8Q Bxa8 62. Kc4 Bd5+ 1/2-1/2